00265nam a2200097Ia 45000010005000000080041000050820027000461000051000732450017001242600026001413779241024s9999 xx 000 0 und d aRD/332.1223/B213m/2013 aBanco de Reservas de la República Dominicana 0aMemoria 2013 bAmigo del Hogarc2013